000 00833nam a2200241 a 4500
008 951212s1980||||CS 0 slo c
020 _c10 Kčs.
_q(50000 výtl.)
040 _aSNK
_bslo
_cSNK
_eAACR2
044 _axo
_cSK
080 _a840-3
100 1 _aLa Fayette, Marie Madelaine Pioche de la Vergne de
245 1 0 _aKňažná de Cléves
_cMarie Madelaine Pioche de la Vergne de La Fayette ; Viera Millerová, Ján Krížik, Ladislav Borodáč, Terézia Černá
250 _a2., vyd.
260 _aBratislava
_bSlovenský spisovateľ
_c1980
_eNitra
_fNitrianske tlačiarne
300 _a144 s., 8,41 AH
_c21 cm
490 0 _aRetro
_vZv. 5.
700 1 _aMillerová, Viera
_4prk
700 1 _aKrížik, Ján
_4gup
700 1 _aBorodáč, Ladislav
_4gup
700 1 _aČerná, Terézia
_4ini
041 _aslo
958 _aA
999 _c10678
_d10678